000
00291nam a22001337a 4500
008
180127b xxu||||| |||| 00| 0 eng d
020
_a
9781416000464
041
_a
eng
080
_a
616
100
_a
4
101
_a
SHM
245
_a
2004 ICD-9-CM AND HCPCS
_c
Buck ,C.J
942
_2
udc
_c
BK
999
_c
41072
_d
41072